01371nam a22003614a 4500001001200000003000800012006001900020007001500039008004100054010001700095020001800112020001500130020001800145020001500163040002100178035002100199050002300220082002000243100003100263245010100294260005400395300003100449504005300480533015200533650002400685650006700709650001900776650002100795650002100816655002900837710001700866856012600883ebr10188314CaPaEBRm u cr cn|||||||||060508s2007 mouab sb s001 0 eng d z 2006015382 z9780826216946 z0826216943 z9780826217028 z0826217028 aCaPaEBRcCaPaEBR a(OCoLC)63269803314aVA10b.R752 2007eb04a359.009/0412221 aRose, Lisle Abbott,d1936-10aPower at sea.nVolume 2,pThe breaking storm, 1919-1945h[electronic resource] /cLisle A. Rose. aColumbia :bUniversity of Missouri Press,cc2007. axvi, 514 p. :bill., maps. aIncludes bibliographical references and indexes. aElectronic reproduction.bPalo Alto, Calif. :cebrary,d2013.nAvailable via World Wide Web.nAccess may be limited to ebrary affiliated libraries. 0aSea-powerxHistory. 0aMarine engineeringxTechnological innovationsxSocial aspects. 0aNaval history. 0aNaviesxHistory. 0aWar and society. 7aElectronic books.2local2 aebrary, Inc.40uhttp://site.ebrary.com/lib/rucke/Doc?id=10188314zAn electronic book accessible through the World Wide Web; click to view